000 00524nam a22001697a 4500
005 20251108165953.0
008 250721s1986 xx 000 0 ara d
082 1 4 _aق/يحي
100 1 _aحقي، يحيى
245 1 0 _aعنتر ... و جوليت :
_bقصص و لوحات /
264 1 _aالقاهرة :
_bالهيئة المصرية العامة للكتاب،
_c1986.
300 _a261ص
490 0 _aمؤلفات يحيى حقي ؛ 13
650 1 7 _aالأدب القصصي
942 _2ddc
_cBK
999 _c36217
_d36217